000 01688nam a2200361 c 4500
003 BLK
005 20211220134517.0
008 180408b bul|||||r ||||||| ||bul||
010 _aKNG00084358000
020 _a978-954-320-161-7
_bиздат.: Рива
040 _aBLK
041 _aBUL
_cBUL
080 _aАмериканска литература (на САЩ)
_b821.111(73)
_x-312.6
_z821.111(73)-312.6
080 _aИстория на Русия и СССР. Вж и 936 ; 957
_b94(470)
_x(092)(0:82-31)
_z94(470)(092)(0:82-31)
080 _aДжугашвили. Революционер, член на болшевишката партия и политически лидер на СССР
_b929 Сталин, Йосиф Висарионович
_x
_z929 Сталин, Йосиф Висарионович
100 1 _aЛури, Ричард
_eпърви автор
_9299398
700 1 _aГинкова, Жана
_eпрев. от рус.
_9299399
139 _aЛури, Ричард
_bЛ 88
245 1 0 _aСталин
_bАвтобиография : Роман
_cРичард Лури; прев. от рус. Жана Гинкова.
257 _aUSA
260 София
_bРива
_c2008
_fВ. Търново : Абагар
300 _a280 с.
_c20 см
380 _aX
500 _aПрев. от рус. изд. - Без сведение за ориг. загл.
600 1 4 _aСталин, Йосиф Висарионович
_9366674
653 _aроманизувани биографии
653 _aСталин
852 _aЦб 240441
856 4 _qpdf
_u
856 4 _qpdf
_u
942 _cKNG
_n0
_010
944 _aCR
_c12.06.2008
_kВаля_Йорданова
944 _aED
_c02.11.2010
_k
999 _c79876
_d79876